TV Shows By Pets - Statistics

General Stats
  • This quiz has been taken 898 times
  • The average score is 7 of 15
Answer Stats
Pet Name Type of Animal TV Show % Correct
Brian Dog Family Guy
77%
Marcel Monkey Friends
71%
Dino Dinosaur The Flintstones
70%
Salem Cat Sabrina the Teenage Witch
69%
Santa's Little Helper Dog The Simpsons
69%
Astro Dog The Jetsons
62%
Comet Dog Full House
50%
Eddie Dog Frasier
49%
Perry Platypus Phineas and Ferb
41%
Arnold Pig Green Acres
32%
Buck Dog Married...with Children
21%
Petey Dog The Little Rascals
21%
Murray Dog Mad About You
19%
Porkchop Dog Doug
17%
Stella Dog Modern Family
17%
No matching quizzes found
Score Distribution
Percent of People with Each Score
Percentile by Number Answered
Your Score History
You have not taken this quiz